ბათუმის შოთა რუსთაველის სახელმწიფო უნივერსიტეტის ბიბლიოთეკა

Проблемы механики бурения нефтяных и газовых скважин. (ბიბ.ჩანაწერი № 40634)

000 -LEADER
fixed length control field 00709nam a2200217Ia 4500
001 - CONTROL NUMBER
control field 7262
003 - CONTROL NUMBER IDENTIFIER
control field GE_BSU
008 - FIXED-LENGTH DATA ELEMENTS--GENERAL INFORMATION
fixed length control field 181216s||||||||xx |||||||||||||| ||und||
040 ## - CATALOGING SOURCE
Transcribing agency GE_BSU
080 ## - UNIVERSAL DECIMAL CLASSIFICATION NUMBER
Universal Decimal Classification number 622.245
100 ## - MAIN ENTRY--PERSONAL NAME
Personal name Варшадомидзе,Г.Х.
245 ## - TITLE STATEMENT
Title Проблемы механики бурения нефтяных и газовых скважин.
245 ## - TITLE STATEMENT
Statement of responsibility, etc. Ред.Ц.Мирцхулава.
260 ## - PUBLICATION, DISTRIBUTION, ETC.
Place of publication, distribution, etc. Батуми.
260 ## - PUBLICATION, DISTRIBUTION, ETC.
Name of publisher, distributor, etc. Аджара.
260 ## - PUBLICATION, DISTRIBUTION, ETC.
Date of publication, distribution, etc. 2003.
300 ## - PHYSICAL DESCRIPTION
Extent 438стр.24см.библиогр.:стр.425-435.
653 ## - INDEX TERM--UNCONTROLLED
Uncontrolled term Проблемы механики бурения нефтяных и газовых скважин.
942 ## - ADDED ENTRY ELEMENTS (KOHA)
Koha item type წიგნი
ეგზემპლარები
Withdrawn status Lost status Damaged status Not for loan Date acquired Barcode Date last seen Price effective from Koha item type
        2018-12-17 10431 2018-12-17 2018-12-17 წიგნი
        2018-12-17 10432 2018-12-17 2018-12-17 წიგნი
        2018-12-17 10433 2018-12-17 2018-12-17 წიგნი
        2018-12-17 10434 2018-12-17 2018-12-17 წიგნი
        2018-12-17 10435 2018-12-17 2018-12-17 წიგნი
        2018-12-17 10436 2018-12-17 2018-12-17 წიგნი
        2018-12-17 10437 2018-12-17 2018-12-17 წიგნი
        2018-12-17 10438 2018-12-17 2018-12-17 წიგნი